| 000 | 00390nam a2200157Ia 4500 | ||
|---|---|---|---|
| 008 | 231217s9999 xx 000 0 und d | ||
| 020 | _a8178810646 | ||
| 041 | _aEnglish | ||
| 082 | _a332.1 GUP;1 R | ||
| 100 | _aGupta, Vivek ed. | ||
| 245 | 0 | _aE-banking : global perspectives | |
| 260 |
_c2002 _bIcfai _aHyderabad |
||
| 300 | _axiv, 184 | ||
| 650 | _aE-banking,global | ||
| 942 | _cAA | ||
| 999 |
_c188477 _d188477 |
||